Statistics for 10 Closest M Countries to Japan - One Minute Sprint

Click here to take the quiz!

General Stats

  • This quiz has been taken 69 times
  • The average score is 6 of 10

Answer Stats

kmcountrymiles% Correct
2251Myanmar1399
90%
1640Mongolia1019
89%
1984Malaysia1233
87%
5635Maldives3502
67%
8097Mexico5031
61%
1942Micronesia1206
56%
3252Marshall Islands2020
54%
8962Madagascar5569
49%
8627Mauritius5361
48%
8278Moldova5144
48%

Score Distribution

Percentile by Number Answered

Percent of People with Each Score

Your Score History

You have not taken this quiz